Rozvoj obnoviteľných zdrojov energie prispieva k zmierneniu chudoby
Súčasné spôsoby využívania energie sú environmentálne neudržateľné a spoliehanie sa na fosílne palivá do budúcnosti môže byť nebezpečné. Viac ako dve miliardy ľudí nemá prístup k jednému alebo viacerým typom základných energetických služieb - problém vypuklý najmä v Afrike.
Gespeichert in:
| 1. Verfasser: | |
|---|---|
| Format: | Buchkapitel |
| Sprache: | Slowakisch |
| Schlagworte: | |
| Tags: |
Keine Tags, Fügen Sie das erste Tag hinzu!
|
MARC
| LEADER | 00000nla a2200000 4500 | ||
|---|---|---|---|
| 001 | 0241223 | ||
| 005 | 20240502073927.2 | ||
| 041 | 0 | |a slo | |
| 044 | |a SK | ||
| 245 | 1 | 0 | |a Rozvoj obnoviteľných zdrojov energie prispieva k zmierneniu chudoby |c Markéta Mackuľaková |
| 520 | |a Súčasné spôsoby využívania energie sú environmentálne neudržateľné a spoliehanie sa na fosílne palivá do budúcnosti môže byť nebezpečné. Viac ako dve miliardy ľudí nemá prístup k jednému alebo viacerým typom základných energetických služieb - problém vypuklý najmä v Afrike. | ||
| 610 | 2 | 0 | |a energetika |
| 610 | 2 | 0 | |a energia |
| 610 | 2 | 0 | |a spotreba energie |
| 610 | 2 | 0 | |a palivá fosílne |
| 610 | 2 | 0 | |a Afrika |
| 610 | 2 | 0 | |a podmienky životné |
| 610 | 2 | 0 | |a rozvoj trvalo udržateľný |
| 610 | 2 | 0 | |a energia elektrická |
| 610 | 2 | 0 | |a zdroje vodné |
| 100 | 1 | |a Mackuľaková, Markéta | |